An introduction to the Prophets (Record no. 6521)

MARC details
000 -LEADER
fixed length control field 00596nam a22001937a 4500
003 - CONTROL NUMBER IDENTIFIER
control field GBCCL
005 - DATE AND TIME OF LATEST TRANSACTION
control field 20241126110605.0
008 - FIXED-LENGTH DATA ELEMENTS--GENERAL INFORMATION
fixed length control field 180517b ||||| |||| 00| 0 eng d
040 ## - CATALOGING SOURCE
Transcribing agency gbc
082 ## - DEWEY DECIMAL CLASSIFICATION NUMBER
Classification number 224.007
Item number TAF
110 ## - MAIN ENTRY--CORPORATE NAME
Corporate name or jurisdiction name as entry element TAFTEE
9 (RLIN) 11560
245 ## - TITLE STATEMENT
Title An introduction to the Prophets
250 ## - EDITION STATEMENT
Edition statement 2nd ed. (DTP)
260 ## - PUBLICATION, DISTRIBUTION, ETC.
Place of publication, distribution, etc. Bangalore:
Name of publisher, distributor, etc. TAFTEE,
Date of publication, distribution, etc. 1996
300 ## - PHYSICAL DESCRIPTION
Extent 384 p.;
Other physical details ill.,
Dimensions 29 cm.
500 ## - GENERAL NOTE
General note A degree level course of the Association for Theological Education by Extension, India
650 ## - SUBJECT ADDED ENTRY--TOPICAL TERM
Topical term or geographic name entry element Bible
Form subdivision Old testaments
General subdivision Prophets
-- Study and teaching
9 (RLIN) 11673
942 ## - ADDED ENTRY ELEMENTS (KOHA)
Source of classification or shelving scheme Dewey Decimal Classification
Koha item type Books
Koha issues (borrowed), all copies 2
Holdings
Withdrawn status Lost status Source of classification or shelving scheme Damaged status Not for loan Home library Current Library Shelving location Date acquired Total checkouts Full call number Barcode Date last seen Date last checked out Copy number Price effective from Koha item type
    Dewey Decimal Classification     GRACE BIBLE COLLEGE GRACE BIBLE COLLEGE Biblical Studies 2018-05-17 3 224.007 TAF 010195 2025-05-01 2025-02-05 c.1 2018-05-17 Books
© Grace Bible College Library 2025